000 00831nam a22002777a 4500
003 dpl
005 20170124105910.0
008 161212b xxu||||| |||| 00| 0 eng d
010 _aA-895445
020 _a8170249538
_c600.00
035 _aA-895445
037 _bCen Lib/Ret
040 _aDPL
_bEN
_cTIT
082 _a695.1068
100 _aNarayan, B.
245 _aAdvertising Management /
_cby B. Narayan
260 _aNew Delhi
_bA.P.H. Publishing Corporation
_c1998
270 _a5, Ansari Road, Daryaganj
_bNew Delhi
_e110002
300 _avi, 301p. :
_c25cm(Hb)
500 _aIncludes index
650 _aAdvertising Management
650 _aAdvertising
650 _aविज्ञापन प्रबंधन
650 _aविज्ञापन
942 _2ddc
_cEN
_h659.1068
_mNAR
999 _c122422
_d122422